[Event "Remote email"]
[Site "Remote email"]
[Date "2012.11.11"]
[Round "?"]
[White "Voggenreiter, Markus"]
[Black "Leidl, Mathias"]
[Result "1-0"]
[WhiteElo "2014"]
[BlackElo "1927"]
[PlyCount "79"]
[EventDate "2012.??.??"]
[EventType "tourn (corr)"]
[EventRounds "6"]
[EventCountry "GER"]
[SourceTitle "Corr 2015"]
[Source "ChessBase"]
[SourceDate "2015.07.17"]
[SourceVersion "1"]
[SourceVersionDate "2015.07.17"]
[SourceQuality "1"]

1. d4 d5 2. b3 Be6 3. c4 dxc4 4. bxc4 Bxc4 5. Ba3 Nc6 6. Nf3 g6 7. Nbd2 Bb5 8. Rb1 a6 9. Bb2 Nf6 10. a4 Bxe2 11. Bxe2 Bg7 12. Qb3 Rb8 13. 0-0 0-0 14. Nc4 Qd5 15. Rfd1 b5 16. axb5 axb5 17. Ncd2 Qxb3 18. Nxb3 Rfd8 19. Ba3 Nd5 20. Kf1 Nc3 21. Rbc1 Nxd1 22. Rxc6 b4 23. Bc1 Nc3 24. Rxc7 e6 25. Ne5 Bxe5 26. dxe5 Rd5 27. f4 Nxe2 28. Kxe2 h6 29. Be3 g5 30. g3 Kg7 31. Bc5 Rb5 32. Bd6 Kg6 33. Ke3 Rd1 34. Rc6 Rb1 35. Nd4 Rb7 36. f5+ exf5 37. Bxb4+ Kh5 38. Bf8 R1b6 39. Rxb6 Rxb6 40. Nxf5 1-0